000
00316nam a2200121 4500
999
_c
10779
_d
10779
003
OSt
005
20220708173207.0
008
220708b ||||| |||| 00| 0 eng d
100
_a
Thomas Sharp
245
_a
Exter phanix a plan for rebulding
260
_a
London
_b
Exter city council architectural press
942
_2
ddc